minecraft new editions - Statistics

General Stats
  • This quiz has been taken 12 times
  • The average score is 4 of 10
Answer Stats
Hint Answer % Correct
1.19 frog
73%
1.16 boss wither
73%
1.17 ore copper
55%
updated frog tadpole
45%
frendly 1.19 mob allay
36%
1.17 cave mob frendly axolotl
36%
1.16 ore gold
36%
1.16 ore quartz
9%
1.16 skeleton withered skeleton
0%
1.19 boss worden
0%
No matching quizzes found
Score Distribution
Percent of People with Each Score
Percentile by Number Answered
Your Score History
You have not taken this quiz